<?xml version="1.0" encoding="UTF-8"?>
<record
    xmlns:xsi="http://www.w3.org/2001/XMLSchema-instance"
    xsi:schemaLocation="http://www.loc.gov/MARC21/slim http://www.loc.gov/standards/marcxml/schema/MARC21slim.xsd"
    xmlns="http://www.loc.gov/MARC21/slim">

  <leader>00354nam a2200145Ia 4500</leader>
  <controlfield tag="008">191201s2012    xx            000 0 und d</controlfield>
  <datafield tag="082" ind1=" " ind2=" ">
    <subfield code="a">621.3813</subfield>
    <subfield code="b">KUM</subfield>
  </datafield>
  <datafield tag="100" ind1=" " ind2=" ">
    <subfield code="a">KULKARNI, M</subfield>
  </datafield>
  <datafield tag="245" ind1=" " ind2="0">
    <subfield code="a">Microwave and Radar Engineering</subfield>
  </datafield>
  <datafield tag="250" ind1=" " ind2=" ">
    <subfield code="a">4th</subfield>
  </datafield>
  <datafield tag="260" ind1=" " ind2=" ">
    <subfield code="a">N.Delhi</subfield>
    <subfield code="b">Umesh Publications</subfield>
    <subfield code="c">2012</subfield>
  </datafield>
  <datafield tag="300" ind1=" " ind2=" ">
    <subfield code="a">677</subfield>
  </datafield>
  <datafield tag="650" ind1=" " ind2=" ">
    <subfield code="a">B.Tech(ECE)</subfield>
  </datafield>
  <datafield tag="942" ind1=" " ind2=" ">
    <subfield code="2">ddc</subfield>
    <subfield code="c">BK</subfield>
  </datafield>
  <datafield tag="999" ind1=" " ind2=" ">
    <subfield code="c">5523</subfield>
    <subfield code="d">5523</subfield>
  </datafield>
  <datafield tag="952" ind1=" " ind2=" ">
    <subfield code="0">0</subfield>
    <subfield code="1">0</subfield>
    <subfield code="2">ddc</subfield>
    <subfield code="4">0</subfield>
    <subfield code="7">0</subfield>
    <subfield code="8">BTECHECE</subfield>
    <subfield code="a">PIET</subfield>
    <subfield code="b">PIET</subfield>
    <subfield code="d">2012-10-01</subfield>
    <subfield code="e">IBH, New Delhi</subfield>
    <subfield code="g">365.00</subfield>
    <subfield code="k">12448</subfield>
    <subfield code="l">1</subfield>
    <subfield code="o">621.3813 KUM</subfield>
    <subfield code="p">21177</subfield>
    <subfield code="q">2022-07-20</subfield>
    <subfield code="r">2022-01-21 00:00:00</subfield>
    <subfield code="s">2022-01-21</subfield>
    <subfield code="w">2012-09-27</subfield>
    <subfield code="y">BK</subfield>
    <subfield code="z">.</subfield>
  </datafield>
  <datafield tag="952" ind1=" " ind2=" ">
    <subfield code="0">0</subfield>
    <subfield code="1">0</subfield>
    <subfield code="2">ddc</subfield>
    <subfield code="4">0</subfield>
    <subfield code="7">0</subfield>
    <subfield code="8">BTECHECE</subfield>
    <subfield code="a">PIET</subfield>
    <subfield code="b">PIET</subfield>
    <subfield code="d">2012-10-01</subfield>
    <subfield code="e">IBH, New Delhi</subfield>
    <subfield code="g">365.00</subfield>
    <subfield code="k">12448</subfield>
    <subfield code="l">4</subfield>
    <subfield code="o">621.3813 KUM</subfield>
    <subfield code="p">21178</subfield>
    <subfield code="r">2022-02-25 00:00:00</subfield>
    <subfield code="s">2022-02-10</subfield>
    <subfield code="w">2012-09-27</subfield>
    <subfield code="y">BK</subfield>
  </datafield>
  <datafield tag="952" ind1=" " ind2=" ">
    <subfield code="0">0</subfield>
    <subfield code="1">0</subfield>
    <subfield code="2">ddc</subfield>
    <subfield code="4">0</subfield>
    <subfield code="7">0</subfield>
    <subfield code="8">BTECHECE</subfield>
    <subfield code="a">PIET</subfield>
    <subfield code="b">PIET</subfield>
    <subfield code="d">2012-10-01</subfield>
    <subfield code="e">IBH, New Delhi</subfield>
    <subfield code="g">365.00</subfield>
    <subfield code="k">12448</subfield>
    <subfield code="l">1</subfield>
    <subfield code="o">621.3813 KUM</subfield>
    <subfield code="p">21179</subfield>
    <subfield code="r">2022-03-09 00:00:00</subfield>
    <subfield code="s">2021-03-12</subfield>
    <subfield code="w">2012-09-27</subfield>
    <subfield code="y">BK</subfield>
  </datafield>
  <datafield tag="952" ind1=" " ind2=" ">
    <subfield code="0">0</subfield>
    <subfield code="1">0</subfield>
    <subfield code="2">ddc</subfield>
    <subfield code="4">0</subfield>
    <subfield code="7">0</subfield>
    <subfield code="8">BTECHECE</subfield>
    <subfield code="a">PIET</subfield>
    <subfield code="b">PIET</subfield>
    <subfield code="d">2012-10-01</subfield>
    <subfield code="e">IBH, New Delhi</subfield>
    <subfield code="g">365.00</subfield>
    <subfield code="k">12448</subfield>
    <subfield code="l">3</subfield>
    <subfield code="o">621.3813 KUM</subfield>
    <subfield code="p">21180</subfield>
    <subfield code="r">2022-02-25 00:00:00</subfield>
    <subfield code="s">2021-12-23</subfield>
    <subfield code="w">2012-09-27</subfield>
    <subfield code="y">BK</subfield>
  </datafield>
  <datafield tag="952" ind1=" " ind2=" ">
    <subfield code="0">0</subfield>
    <subfield code="1">0</subfield>
    <subfield code="2">ddc</subfield>
    <subfield code="4">0</subfield>
    <subfield code="7">0</subfield>
    <subfield code="8">BTECHECE</subfield>
    <subfield code="a">PIET</subfield>
    <subfield code="b">PIET</subfield>
    <subfield code="d">2012-10-01</subfield>
    <subfield code="e">IBH, New Delhi</subfield>
    <subfield code="g">365.00</subfield>
    <subfield code="k">12448</subfield>
    <subfield code="l">4</subfield>
    <subfield code="o">621.3813 KUM</subfield>
    <subfield code="p">21181</subfield>
    <subfield code="r">2023-11-06 00:00:00</subfield>
    <subfield code="s">2022-02-22</subfield>
    <subfield code="w">2012-09-27</subfield>
    <subfield code="y">BK</subfield>
  </datafield>
  <datafield tag="952" ind1=" " ind2=" ">
    <subfield code="0">0</subfield>
    <subfield code="1">0</subfield>
    <subfield code="2">ddc</subfield>
    <subfield code="4">0</subfield>
    <subfield code="7">0</subfield>
    <subfield code="8">BTECHECE</subfield>
    <subfield code="a">PIET</subfield>
    <subfield code="b">PIET</subfield>
    <subfield code="d">2012-10-01</subfield>
    <subfield code="e">IBH, New Delhi</subfield>
    <subfield code="g">365.00</subfield>
    <subfield code="k">12448</subfield>
    <subfield code="l">1</subfield>
    <subfield code="o">621.3813 KUM</subfield>
    <subfield code="p">21182</subfield>
    <subfield code="r">2021-12-30 00:00:00</subfield>
    <subfield code="s">2021-12-27</subfield>
    <subfield code="w">2012-09-27</subfield>
    <subfield code="y">BK</subfield>
  </datafield>
</record>
